| 000 | 01002nam a2200289 c 4500 | ||
|---|---|---|---|
| 003 | BLK | ||
| 005 | 20240403112546.0 | ||
| 008 | 180911b bul|||||r ||||||| ||bul|| | ||
| 010 | _a002466 | ||
| 040 | _aBLK | ||
| 041 |
_aBUL _cBUL |
||
| 080 | _z329(497.2)(091) | ||
| 100 |
_aСтрашимиров, Димитър Тодоров _9364201 _d1868-1938 |
||
| 245 | 0 | 0 | _aЗемледелският Съюз |
| 260 |
_aСофия _c1914 _fпеч.Либер.клуб |
||
| 300 |
_a135 с _c21 см |
||
| 380 | _a0 | ||
| 490 |
_aЧастна колекция - Академик Михаил Арнаудов _gДарение - Основен фонд |
||
| 500 | _aМихаил Арнаудов: негови-книга. - Датиране на книгата : от Огнян Хранов, Рил. м-р Сф., 1914 | ||
| 655 | _aПолитика | ||
| 852 |
_aМА 2851 _bМА |
||
| 942 |
_cKNG _n0 _s1 |
||
| 944 |
_aCR _c1994 _k30545 _lНора Радева |
||
| 999 |
_c342806 _d342806 |
||
| 999 | _d342806 | ||
| 999 | _d342806 | ||
| 999 | _d342806 | ||